| 000 | 01017cam a2200301 4500 | ||
|---|---|---|---|
| 999 |
_c910 _d910 |
||
| 001 | 765830 | ||
| 003 | GZU | ||
| 005 | 20200916110728.0 | ||
| 008 | 730111s1972 onc b 001 0 eng | ||
| 010 | _a 70185735 | ||
| 015 | _aC*** | ||
| 020 |
_a0802052568 _a0802000959 (microfiche) |
||
| 040 |
_aDLC _cDLC _dDLC |
||
| 043 | _anwtr--- | ||
| 050 | 0 | 0 |
_aF2121 _b.RYA 1972 |
| 100 | 1 |
_aRyan, Selwyn D. _eauthor |
|
| 245 | 1 | 0 |
_aRace and nationalism in Trinidad and Tobago: _ba study of decolonization in a multiracial society _c[by] Selwyn D. Ryan. |
| 260 |
_a[Toronto, _aBuffalo] _bUniversity of Toronto Press _c[1972] |
||
| 300 |
_axiv, 509 p. _c25 cm. |
||
| 350 | _a$15.00 | ||
| 500 | _aIncludes bibliographical references. | ||
| 504 | _aIncludes bibliographical references. | ||
| 650 | 0 |
_aDecolonization _zTrinidad and Tobago. |
|
| 651 | 0 |
_aTrinidad and Tobago _xHistory. |
|
| 651 | 0 |
_aTrinidad and Tobago _xRace relations. |
|
| 906 |
_a7 _bcbc _corignew _d2 _encip _f19 _gy-gencatlg |
||
| 942 |
_2lcc _cBK _h2121 _iRYA _kF |
||